| 000 | 00634cam a2200217 a 4500 | ||
|---|---|---|---|
| 001 | 2051012 | ||
| 005 | 20250115090712.0 | ||
| 008 | 930514s1993 maua b 001 0 eng | ||
| 020 |
_a0201570793 : _c$21.00 ($25.95 Can.) |
||
| 050 | 0 | 0 |
_aQP360 _b.H34 1993 |
| 082 | 0 | 0 |
_a612.8/2 _220 |
| 100 | 1 | _aHarth, Erich. | |
| 245 | 1 | 4 |
_aThe creative loop : _bhow the brain makes a mind / _cErich Harth. |
| 260 |
_aReading, Mass. : _bAddison-Wesley, _cc1993. |
||
| 300 |
_axxv, 196 p. : _bill. ; _c25 cm. |
||
| 650 | 0 | _aBrain. | |
| 650 | 0 | _aMind and body. | |
| 650 | 0 | _aMind-brain identity theory. | |
| 650 | 0 | _aBiophysics. | |
| 942 |
_2lcc _cBK _n0 |
||
| 999 |
_c2539 _d2539 |
||